000 01283nam a22003737a 4500
003 CHAP
005 20220329143303.0
008 080214s2005 es r 00010 spa d
010 _a94447
011 _a95419
020 _a8484762386
035 _a106044
040 _cCHAP
082 0 4 _a581.1662
_bM8
100 1 _aMuñoz Rodríguez, A.F.
_979669
245 1 0 _aPolinización de cultivos
_c/por A.F. Muñoz Rodríguez, M.C. Ayuso Yuste y J. Labrador Moreno
260 _aMadrid :
_bMundi-Prensa,
_c2005
300 _a232 p. :
_bilus.
590 _aBATCH-UPD
_b10
_c20130110
_lUCH01
_h0407
590 _aBATCH-UPD
_b10
_c20130110
_lUCH01
_h2001
590 _aBATCH-UPD
_b10
_c20130410
_lUCH01
_h0041
590 _aBATCH-UPD
_b10
_c20130914
_lUCH01
_h0506
590 _aCONVERSION
_b10
_c20130109
_lUCH01
_h1352
650 1 4 _aEcología forestal.
_935176
650 1 4 _aPlantas
_xFertilización.
_988838
650 1 4 _aPlantas
_xFloración.
_988841
650 1 4 _aPolinización.
_990237
700 1 _aAyuso Yuste, M.C.
_99043
700 1 _aLabrador Moreno, J.
_964300
901 _aBK
942 _cLIBRO
949 _a581.1662 M8
_bBC
_cLIBRO
_d33724002049983
_eLIBRO
_h109146
_i106044
_si
_t$ 524.00
949 _a581.1662 M8
_bBC
_cLIBRO
_d33724002075545
_eLIBRO
_fc..2
_h109980
_i106044
_si
_t$585.00
999 _c94447
_d94447